Discrete stochastic processes
Saved in:
| Main Author: | |
|---|---|
| Format: | Book |
| Language: | English |
| Published: |
Boston :
Kluwer Academic Publishers,
c1996
|
| Series: | Kluwer international series in engineering and computer science
Kluwer international series in engineering and computer science. Communications and information theory ; ; 321 |
| Subjects: | |
| Tags: |
Add Tag
No Tags, Be the first to tag this record!
|
MARC
| LEADER | 00000nam a2200000 i 4500 | ||
|---|---|---|---|
| 001 | 1/9626 | ||
| 008 | 000823s1996 eng d | ||
| 020 | |a 0-7923-9583-2 | ||
| 035 | |l 10063135 | ||
| 040 | |a GR-MY-UA |b gre |e aacr | ||
| 041 | 0 | |a eng | |
| 082 | 0 | |a 519.2 | |
| 100 | 1 | |a Gallager, Robert G. | |
| 245 | 1 | 0 | |a Discrete stochastic processes / |c by Robert G. Gallager |
| 260 | |a Boston : |b Kluwer Academic Publishers, |c c1996 | ||
| 300 | |a xiii, 271 p.; |b ill.; |c 25 cm. | ||
| 490 | 1 | |a Kluwer international series in sngineering and computer science. Communications and information theory | |
| 490 | 1 | |a Kluwer international series in sngineering and computer science |v ; 321 | |
| 504 | |a Includes bibliography and index | ||
| 650 | 0 | 0 | |a Stochastic processes. |
| 830 | 0 | |a Kluwer international series in engineering and computer science | |
| 830 | 0 | |a Kluwer international series in engineering and computer science. Communications and information theory ; |v ; 321 | |
| 852 | |a INST |b SAMOS |e 20000823 |h 519.2 GAL |p 005300019252 |q 005300019252 |t BK |y 0 | ||
| 852 | |a INST |b SAMOS |e 20000823 |h 519.2 GAL |p 005300019253 |q 005300019253 |t BK |y 0 | ||
| 852 | |a INST |b SAMOS |e 20000823 |h 519.2 GAL |p 005300019254 |q 005300019254 |t BK |y 0 | ||
| 852 | |a INST |b SAMOS |e 20000823 |h 519.2 GAL |p 005300019255 |q 005300019255 |t BK |y 23 | ||
| 852 | |a INST |b SAMOS |e 20000823 |h 519.2 GAL |p 005300019256 |q 005300019256 |t BK |y 0 | ||
| 852 | |a INST |b SAMOS |e 20000823 |h 519.2 GAL |p 005300019257 |q 005300019257 |t BK |y 0 | ||
| 852 | |a INST |b SAMOS |e 20000823 |h 519.2 GAL |p 005300019258 |q 005300019258 |t BK |y 0 | ||
| 852 | |a INST |b SAMOS |e 20000823 |h 519.2 GAL |p 005300019436 |q 005300019436 |t BK |y 0 | ||
| 852 | |a INST |b SAMOS |e 20000823 |h 519.2 GAL |p 005300019437 |q 005300019437 |t BK |y 0 | ||
| 852 | |a INST |b SYROS |e 20000823 |h 519.2 GAL |p 005500000386 |q 005500000386 |t BK |y 0 | ||
| 901 | |a BIBL3-2000-2 | ||
| 909 | |a Ε |b 079340 | ||
| 909 | |a Σ |b 079341 | ||
| 909 | |a Σ |b 079344 | ||
| 909 | |a Σ |b 079343 | ||
| 909 | |a Σ |b 079342 | ||
| 909 | |a Σ |b 079349 | ||
| 909 | |a Σ |b 079348 | ||
| 909 | |a Σ |b 079347 | ||
| 909 | |a Σ |b 079345 | ||
| 909 | |a Σ |b 079346 | ||
| 922 | |a 3ΕΛΗ |b 200002 |c ΤΠΕΣ/ΠΟΛ |d LEADER | ||
| 922 | |a 5ΕΛΗ |b 200002 |c ΤΠΕΣ/ΠΟΛ |d LEADER | ||
| 970 | |a ΜΑΛΑΓΑΡΗ |b ΦΩΤΕΙΝΗ |z 2000/08/23 | ||